000 00762nam a2200181Ia 4500
008 100920s9999 xx 000 0 und d
082 _b75592
_a410 थ 99
100 _aसंपा., करोगल सुषमा./पुंडे दत्तात्रय
245 _aस्वातंत्र्योत्तर मराठी कविता.
260 _bप्रतिमा प्रकाशन, पुणे.
_c1999
300 _a356
_bसाधी
365 _b220
520 _aभाषा.
630 _aस्वातंत्र्योत्तर मराठी कविता.
650 _aभाषा.
730 _aस्वातंत्र्योत्तर मराठी कविता.
942 _cBOOK
999 _c717087
_d717084